banner-ar

تنمية الموارد البشرية و استراتيجيات تخطيطها و تحدياتها فى الشركات مع اطلالة على التجربة اليابانية / (Record no. 61815)

MARC details
000 -الفاتح
حقل البيانات ثابتة الطول 01040nam a22002417a 4500
005 - وقت وتاريخ اخر تعامل مع التسجيلة
رقم الضبط 20240530110517.0
008 - عناصر البيانات ثابتة الطول - معلومات عامة
حقل البيانات ثابتة الطول 160208s2013 ua f b 000 0 ara d
017 ## - رقم الايداع القانونى
رقم الايداع القانونى 2012/14117
المصدر ( الهيئة المختصة) مصر . دار الكتب المصرية
020 ## - الرقم الدولى المعيارى للكتب
الرقم الدولى المعيارى للكتاب 9789771028113
040 ## - مصدر الفهرسة
وكالة الفهرسة الأصلية EG-CaGPL
082 04 - رقم تصنيف ديوى العشرى
رقم الطبعة 21
رقم التصنيف 658.3\
رقم المادة أ ت
100 0# - المدخل الرئيسى - إسم شخصى
الإسم الشخصى ابراهيم عباس الحلابى
245 10 - بيان العنوان
العنوان تنمية الموارد البشرية و استراتيجيات تخطيطها و تحدياتها فى الشركات مع اطلالة على التجربة اليابانية /
بيان المسئوليه,etc تاليف ابراهيم عباس الحلابى
250 ## - بيان الطبعة
بيان الطبعة ط1
260 ## - PUBLICATION, DISTRIBUTION, ETC. (IMPRINT)
تاريخ النشر أو التوزيع 2013 .
300 ## - الوصف المادى
التعداد 224 ص ؛
أبعاد الوعاء 24 سم .
504 ## - تبصرة ببليوجرافية
تبصرة ببليوجرافية,الخ يشتمل على ارجاعات ببليوجرافية
650 04 - المدخل الاضافى بالموضوع-مصطلح موضوعى
مصطلح موضوعي ادار الافراد
650 04 - المدخل الاضافى بالموضوع-مصطلح موضوعى
مصطلح موضوعي تخطيط الموارد البشرية
650 04 - المدخل الاضافى بالموضوع-مصطلح موضوعى
مصطلح موضوعي ادارة الافراد
التقسيم الفرعي الجغرافي اليابان
942 ## - عناصر المدخل الإضافي( كوها)
مصدر التصنيف او مخطط الترفيف Dewey Decimal Classification
Koha [default] item type كتاب
260 ## - PUBLICATION, DISTRIBUTION, ETC. (IMPRINT)
-- القاهرة :
-- دار الفكر العربى ،
Holdings
حالة التراجع حالة الفقد حالة تلف ليس للاعارة المكان المؤقت الموقع الحالى تاريخ الاكتساب اجمالي اﻻعارات رقم الطلب الباركود تاريخ اخر مشاهدة تاريخ تفعيل السعر نوع وعاء كوها
        مكتبة القاهرة الكبرى مكتبة القاهرة الكبرى 02/08/2016   658.3\ أ ت 161236 02/08/2016 02/08/2016 كتاب

Powered By

EGPV